000 00452nam a2200181Ia 4500
008 230125s9999 xx 000 0 und d
041 _aeng
082 _a153.94
_bSAJ
100 _aSajnani K
_9109814
245 _aGK power pack 2006
260 _c2005
_bIMS
_aMumbai
300 _a244p
500 _aGeneral Knowledge;Aptitude Tests
650 _aAptitude tests
700 _aSajnani K
_9109814
906 _b24
999 _c86495
_d86495